Derbyshire A-Z - Statistics

General Stats
  • This quiz has been taken 163 times
    9 since last reset
  • The average score is 19 of 26
Answer Stats
Hint Answer % Correct
A Town that hosts a chaotic 'football match' at Shrovetide Ashbourne
100%
B Town known for its tart and pudding Bakewell
100%
S Notable feature of Chesterfield's St Mary's church Crooked {spire}
100%
D River that flows through Derby; a tributary of T Derwent
100%
P National park Peak District
100%
C Bonnie Scottish prince who turned around at Derby Charles Edward Stuart
86%
I Large town northeast of Derby Ilkeston
86%
M County town Matlock
86%
N Traditional rival of Derby County F.C. Nottingham Forest
86%
O Coton-in-the-Elms is the furthest point from the _____ in Britain Ocean
86%
T River that runs through the south of the county Trent
86%
J Castleton is famous for its caves and this mineral Blue {John}
71%
E Village famous for its plague quarantine Eyam
71%
K Highest point in the county; famous for a 'mass trespass' Kinder Scout
71%
Z Area of Derby north of California New {Zealand}
71%
V Derby Arena is home to this kind of sports facility Velodrome
71%
H Elizabethan stately home on the Nottinghamshire border Hardwick Hall
57%
W Painter famous for his dramatic use of light and shadow Joseph Wright
57%
L Reservoir which was created by 'drowning' two villages Ladybower Reservoir
57%
R Village that was once the capital of the kingdom of Mercia Repton
57%
U Institution that can be found at Kedleston Road University of Derby
57%
X Trentbarton bus route that links Derby and Burton (hint: fast) {Xprss}38
57%
G Former mill town in the far northwest Glossop
43%
Q Affluent village north of the Derby suburb of Allestree Quarndon
43%
Y Scenic village south of B Youlgreave
43%
F Astronomer from Denby who first observed Uranus John Flamsteed
29%
No matching quizzes found
Score Distribution
Percent of People with Each Score
Percentile by Number Answered
Your Score History
You have not taken this quiz since the last reset